| 000 | 00703nam a22002057a 4500 | ||
|---|---|---|---|
| 005 | 20160330152601.0 | ||
| 010 | _aENG-114854 | ||
| 020 |
_a9789351251101 _c750.00 |
||
| 035 | _aEN-98386 | ||
| 037 | _bDBAD/PUB | ||
| 082 | _a307.1412 | ||
| 100 | _aPalanithurai,G. | ||
| 245 |
_aIntegral rural development : _ba rural transformation experiment by Sri Aurbindo Society, Puducherry / _cby G. Palanithurai [and] R.Ramesh |
||
| 260 |
_aNew Delhi _bConcept Publishing _c2015 |
||
| 270 |
_aA/15-16 Commercial Block, Mohan Garden _bNew Delhi _e110059 |
||
| 300 |
_aviii,134p. : _bcol. ill. _c22cm(Hb) |
||
| 500 | _aIncludes index | ||
| 700 | _aRamesh,R. | ||
| 942 |
_2ddc _cEN _mPAL _h307.1412 |
||
| 999 |
_c98860 _d98860 |
||